Thăng long - Hà nội ngàn năm văn hiến
Bewaard in:
| Hoofdauteur: | |
|---|---|
| Formaat: | Boek |
| Gepubliceerd in: |
H.
Lao động
2009
|
| Onderwerpen: | |
| Tags: |
Voeg label toe
Geen labels, Wees de eerste die dit record labelt!
|
| Thư viện lưu trữ: | Trung tâm Học liệu Lê Vũ Hùng, Trường Đại học Đồng Tháp |
|---|
| LEADER | 00782pam a22002418a 4500 | ||
|---|---|---|---|
| 001 | 00000225 | ||
| 005 | 20171026081022.0 | ||
| 008 | 110318s2009 ||||||Viesd | ||
| 020 | |c 295000 | ||
| 041 | 0 | # | |a Vie |
| 082 | 1 | 4 | |a 959.7 |b TH106L |
| 100 | 0 | # | |a Hồ Phương Lan |d Tuyển chon và giới thiệu |
| 245 | 0 | 0 | |a Thăng long - Hà nội ngàn năm văn hiến |c Tô Phương Lan |
| 260 | # | # | |a H. |b Lao động |c 2009 |
| 300 | # | # | |a 487 tr. |c 27 cm. |
| 650 | # | 4 | |a Di tích lịch sử |
| 650 | # | 4 | |a Hà nội |
| 650 | # | 4 | |a Việt Nam |
| 653 | # | # | |a Lich sử |a Việt nam |
| 852 | # | # | |b Kho đọc |j KD.0000546 |
| 852 | # | # | |j KD.0000546 |
| 910 | |d 18/03/2011 | ||
| 980 | # | # | |a Trung tâm Học liệu Lê Vũ Hùng, Trường Đại học Đồng Tháp |